书目信息 |
| 题名: |
普通话水平测试实施纲要
|
|
| 作者: | ;国家语言文字工作委员会 编制 | |
| 分册: | ||
| 出版信息: | 北京 商务印书馆 2004 |
|
| 页数: | 475页 | |
| 开本: | 26cm | |
| 丛书名: | ||
| 单 册: | ||
| 中图分类: | H102 | |
| 科图分类: | ||
| 主题词: | 普通话--测试 , 普通话 | |
| 电子资源: | ||
| ISBN: | 7-100-03996-7 | |
| 000 | 01026nam0 2200253 450 | |
| 001 | 002568174 | |
| 005 | 20061112153300.85 | |
| 010 | @a7-100-03996-7@dCNY44.00 | |
| 100 | @a20040202d2004 em y0chiy0110 ea | |
| 101 | 0 | @achi |
| 102 | @aCN@b110000 | |
| 105 | @ay z 000yy | |
| 200 | 1 | @a普通话水平测试实施纲要@9pu tong hua shui ping ce shi shi shi gang yao@f国家语言文字工作委员会普通话培训测试中心编制 |
| 210 | @a北京@c商务印书馆@d2004 | |
| 215 | @a475页@d26cm@e光盘2片 | |
| 300 | @a普通话水平测试国家指导用书 国家语言文字工作委员会语言文字应用研究 “十五”科研规划重点项目(ZDI 105 - 18 -34) | |
| 307 | @a附光盘 ISRC CN-M27-03-0008-0 | |
| 330 | @a本书给出普通话水平测试大纲。内容分为普通话语音分析、普通话水平测试用普通话词语表、普通话水平测试用普通话与方言词语对照表等六部分。 | |
| 606 | 0 | @a普通话@x测试 |
| 606 | 0 | @a普通话 |
| 690 | @aH102@v4 | |
| 711 | 02 | @a国家语言文字工作委员会@9guo jia yu yan wen zi gong zuo wei yuan hui@b普通话培训测试中心@4编制 |
| 801 | 0 | @aCN@bNLC@c20061112 |
| 905 | @a10447@dH102@e115 | |
| 普通话水平测试实施纲要/国家语言文字工作委员会普通话培训测试中心编制.-北京:商务印书馆,2004 |
| 475页;26cm+光盘2片 |
| 普通话水平测试国家指导用书 国家语言文字工作委员会语言文字应用研究 “十五”科研规划重点项目(ZDI 105 - 18 -34) |
| ISBN 7-100-03996-7:CNY44.00 |
| 本书给出普通话水平测试大纲。内容分为普通话语音分析、普通话水平测试用普通话词语表、普通话水平测试用普通话与方言词语对照表等六部分。 |
| ● |
| 相关链接 |
|
|
|
|
正题名:普通话水平测试实施纲要
索取号:H102/115
 
预约/预借
| 序号 | 登录号 | 条形码 | 馆藏地/架位号 | 状态 | 备注 |
| 1 | 0384045 | 203840451 | 第二样本阅览室/ [索取号:H102/115] | 在馆 | |
| 2 | 0384046 | 203840460 | 第四借阅区/ [索取号:H102/115] | 在馆 | |
| 3 | 0384047 | 203840479 | 第四借阅区/ [索取号:H102/115] | 在馆 | |
| 4 | 0384048 | 203840488 | 第四借阅区/ [索取号:H102/115] | 在馆 | |
| 5 | 0384049 | 203840497 | 第四借阅区/ [索取号:H102/115] | 在馆 |